Religiones del mundo (Registro nro. 184562)

Detalles MARC
000 -ENCABEZADO
Número de control [NR] 01148cam a2200277Mi 4500
005 - FECHA Y HORA DE LA ÚLTIMA TRANSACCIÓN
control field 20140905122359.0
008 - DE LONGITUD FIJA DE DATOS DE ELEMENTOS - INFORMACIÓN GENERAL
Elementos de longitud fija [NR] 041021s2004 sp adobgrn 001 0dspa d
020 ## - NUMERO INTERNACIONAL NORMALIZADO PARA LIBROS [R]
Número Internacional Normalizado del libro [NR] 9788480765145
040 ## - FUENTE DE CATALOGACION [NR]
Agencia de catalogación original [NR] Co-BoUCM
Idioma de catalogación [NR] spa
Quien Cataloga
Quien Clasifica Aldemar Mondragón
041 1# - CODIGO DE IDIOMA [R]
Código de idioma para texto/pista de sonido o título separado [R] Español
245 00 - MENCION DE TITULO [NR]
Título [NR] Religiones del mundo
Parte restante del título [NR] Judaísmo, Cristianísmo, Islam, Hinduísmo, Budísmo, tradiciones Chinas, tradiciones Japonesas
Mención de responsabilidad, etc. [NR] editor general Michael D. Coogan ; traducciones Ana Maria Gutiérrez Manuel
260 ## - PUBLICACION, DISTRIBUCION, ETC. (PIE DE IMPRENTA) [R]
Lugar de publicación, distribución, etc. [R] Barcelona (España)
Nombre del editor, distribuidor, etc. [R] Blume
Fecha de publicación, distribución, etc. [R] 2004
300 ## - DESCRIPCION FISICA [R]
Extensión [R] 288 páginas
Otros detalles físicos [NR] ilustraciones, gráficas, fotos y mapas
504 ## - NOTA DE BIBLIOGRAFIA, ETC. [R]
Nota de bibliografía, etc. [NR] Incluye referencias bibliográficas e índices
650 #7 - ASIENTO SECUNDARIO DE MATERIA - TERMINO TEMATICO [R]
Término temático o nombre geográfico como elemento de entrada [NR] Budismo
Subdivisión general [R] Historia
9 (RLIN) 56082
650 #7 - ASIENTO SECUNDARIO DE MATERIA - TERMINO TEMATICO [R]
Término temático o nombre geográfico como elemento de entrada [NR] Cristianismo
Subdivisión general [R] Historia
9 (RLIN) 56079
650 #7 - ASIENTO SECUNDARIO DE MATERIA - TERMINO TEMATICO [R]
Término temático o nombre geográfico como elemento de entrada [NR] Hinduísmo
Subdivisión general [R] Historia
9 (RLIN) 56081
650 #7 - ASIENTO SECUNDARIO DE MATERIA - TERMINO TEMATICO [R]
Término temático o nombre geográfico como elemento de entrada [NR] Islam
Subdivisión general [R] Historia
9 (RLIN) 56080
650 #7 - ASIENTO SECUNDARIO DE MATERIA - TERMINO TEMATICO [R]
Término temático o nombre geográfico como elemento de entrada [NR] Judaísmo
Subdivisión general [R] Historia
9 (RLIN) 56078
650 #7 - ASIENTO SECUNDARIO DE MATERIA - TERMINO TEMATICO [R]
Término temático o nombre geográfico como elemento de entrada [NR] Religiones
9 (RLIN) 23519
Subdivisión general [R] Historia
690 ## - ASUNTO AGREGADO LOCAL DE ENTRADA - TÉRMINO TEMÁTICO (OCLC, RLIN)
9 (RLIN) 42850
Acceso temático local Iglesias
700 1# - ASIENTO SECUNDARIO - NOMBRE PERSONAL [R]
Nombre personal [NR] Coogan, Michael D.
Término de relación [R] editor
9 (RLIN) 55786
700 1# - ASIENTO SECUNDARIO - NOMBRE PERSONAL [R]
Nombre personal [NR] Gutiérrez Manuel, Ana María
9 (RLIN) 55787
Término de relación [R] traductor
942 ## - ELEMENTOS DE ENTRADA AGREGADOS (KOHA)
Tema principal Religión
Tipo de ítem principal el descrito en 300a Libro
Edición 1
Parte restante de la signatura top. R382m
Sistema de clasificación DEWEY
Clasificación 200.1
Existencias
Fecha de último préstamo Total préstamos Total Renewals Signatura topográfica Código de barras Última vez visto Ejemplar Costo de reposición Price effective from Tipo de ítem Perdido Sistema de clasificación Dañado No prestable Tipo de ítem específico Suprimido Ubicación habitual Ubicación actual Localización Fecha de creación Proveedor Forma de adquisición Costo
28/04/2023 78 50 200.1 R382m 100140134 05/12/2025 Ej.1 29400.00 15/01/2014 Libro   DEWEY     Libro   Claustro Claustro 2do piso 15/01/2014 15 Compra 29400.00